NHững điều cần biết khi sống chung với điện /

Sách gồm có 4 chương cung cấp những kiến thức về điện trong cs hàng ngày

Zapisane w:
Opis bibliograficzny
1. autor: Nguyễn Hanh (TS)
Format: Książka
Język:Vietnamese
Wydane: H : Khoa Học Kỹ thuật , 2009
Hasła przedmiotowe:
Etykiety: Dodaj etykietę
Nie ma etykietki, Dołącz pierwszą etykiete!
Thư viện lưu trữ: Thư viện Trường CĐ Kỹ Thuật Cao Thắng
LEADER 00730nam a2200205 a 4500
001 TVCDKTCT87699
003 TVCĐKTCT
005 20161109152745.3
008 161109syyyy vn
980 \ \ |a Thư viện Trường CĐ Kỹ Thuật Cao Thắng 
024 |a RG_1 #1 eb0 
041 0 # |a vie 
082 # # |a 621.3   |b NH556Đ 
100 1 # |a Nguyễn Hanh   |e TS 
245 1 0 |a NHững điều cần biết khi sống chung với điện /   |c Nguyễn Hanh 
260 # # |a H :   |b Khoa Học Kỹ thuật ,   |c 2009 
300 |a 124 tr. ;   |c 24 cm 
520 # # |a Sách gồm có 4 chương cung cấp những kiến thức về điện trong cs hàng ngày 
541 # # |a Mua 
650 # 4 |a Điện